000 01826nam a2200241Ia 4500
999 _c55471
_d55471
001 22553
003 GE_BSU
005 20220920171141.0
008 181216s2008||||ge |||||||||||||| ||geo||
040 _cGE_BSU
041 _ageo
080 _a93 დ-43
100 _aდიასამიძე, ხათუნა
_95241
245 _aსაბჭოთა კავშირის საგარეო პოლიტიკა მეორე მსოფლიო ომის წინ. (1938 წლის სექტემბერი-1939 წლის აგვისტო) : დისერტაცია /
_cხათუნა დიასამიძე; სამეცნიერო ხელმძღვანელი მ. ვაჩნაძე; ბათუმის შოთა რუსთაველის სახელმწიფო უნივერსიტეტი. ჰუმანიტარულ მეცნიერებათა ფაკულტეტი.
264 _aბათუმი,
_c2008.
300 _a146 გვ.,
_b30 სმ.
653 _aისტორია
653 _aსაბჭოთა კავშირის საგარეო პოლიტიკა მეორე მსოფლიო ომის წინ. (1938 წლის სექტემბერი-1939 წლის აგვისტო)
653 _aდისერტაცია
700 _aვაჩნაძე, მ.
_eსამეცნიერო ხელმძღვანელი
_910464
710 _aბათუმის შოთა რუსთაველის სახელმწიფო უნივერსიტეტი.
_bჰუმანიტარულ მეცნიერებათა ფაკულტეტი
_911847
942 _cBK
_2udc